Organic fertilization on bunching onion at leaf green farm; ការប្រើប្រាស់ជីសរីរាង្គលើដំណាំខ្ទឹមស្លឹកនៅកសិដ្ឋានស្លឹកបែតង (Record no. 10753)

000 -LEADER
fixed length control field 00542nam a22001337a 4500
040 ## - CATALOGING SOURCE
Transcribing agency RUA
082 ## - DEWEY DECIMAL CLASSIFICATION NUMBER
Classification number AGR TOU 2015 B519 Or.1
100 ## - MAIN ENTRY--AUTHOR NAME
Personal name TOUCH VILA; ទូច វីឡា
245 ## - TITLE STATEMENT
Title Organic fertilization on bunching onion at leaf green farm; ការប្រើប្រាស់ជីសរីរាង្គលើដំណាំខ្ទឹមស្លឹកនៅកសិដ្ឋានស្លឹកបែតង
260 ## - PUBLICATION, DISTRIBUTION, ETC. (IMPRINT)
Place of publication Phnom Penh
Name of publisher RUA
Year of publication 2015
300 ## - PHYSICAL DESCRIPTION
Number of Pages xi; 47p;
Other physical details ill;
Dimensions 29cm;
856 ## - ELECTRONIC LOCATION AND ACCESS
Uniform Resource Identifier TOUCH VILA
942 ## - ADDED ENTRY ELEMENTS (KOHA)
Koha item type AGR
952 ## - LOCATION AND ITEM INFORMATION (KOHA)
Withdrawn status [LOCAL, KOHA] 0
952 ## - LOCATION AND ITEM INFORMATION (KOHA)
Withdrawn status [LOCAL, KOHA] 0
952 ## - LOCATION AND ITEM INFORMATION (KOHA)
Withdrawn status [LOCAL, KOHA] 0
952 ## - LOCATION AND ITEM INFORMATION (KOHA)
Withdrawn status [LOCAL, KOHA] 0
952 ## - LOCATION AND ITEM INFORMATION (KOHA)
Withdrawn status [LOCAL, KOHA] 0
952 ## - LOCATION AND ITEM INFORMATION (KOHA)
Withdrawn status [LOCAL, KOHA] 0
952 ## - LOCATION AND ITEM INFORMATION (KOHA)
Withdrawn status [LOCAL, KOHA] 0
952 ## - LOCATION AND ITEM INFORMATION (KOHA)
Withdrawn status [LOCAL, KOHA] 0
952 ## - LOCATION AND ITEM INFORMATION (KOHA)
Withdrawn status [LOCAL, KOHA] 0
952 ## - LOCATION AND ITEM INFORMATION (KOHA)
Withdrawn status [LOCAL, KOHA] 0
Holdings
Permanent Location Date acquired Koha item type Lost status Shelving location Barcode Current Location Full call number
Library Block B2016-11-04AGR B519A03511Library Block BAGR TOU 2015 B519 Or.1
Library Block B2016-11-04AGR B519A02962Library Block BAGR TOU 2015 B519 Or.2
Library Block B2016-11-04AGR B519A03037Library Block BAGR TOU 2015 B519 Or.3
Library Block B2016-11-04AGR B519A03366Library Block BAGR TOU 2015 B519 Or.4
Library Block B2016-11-04AGR B519A04359Library Block BAGR TOU 2015 B519 Or.5
Library Block B2016-11-04AGR B519A03587Library Block BAGR TOU 2015 B519 Or.6
Library Block B2016-11-04AGR B519A04434Library Block BAGR TOU 2015 B519 Or.7
Library Block B2016-11-04AGR B519A03592Library Block BAGR TOU 2015 B519 Or.8
Library Block B2021-09-28AGR B691A066048Library Block BAGR TOU 2015 B691 Or.
Library Block B2021-09-28AGR B691A066156Library Block BAGR TOU 2015 B691 Or.
មជ្ឈមណ្ឌលឯការនៃសាកលវិទ្យាល័យភូមិន្ទកសិកម្មចំការដូង

Powered by Koha